| 000 | 01074nam a2200229Ia 4500 | ||
|---|---|---|---|
| 001 | L227-5516 | ||
| 003 | IT-CnALBA | ||
| 008 | 170116s9999||||xx |||||||||||||| ||und|| | ||
| 040 |
_aIT-CnALBA _cIT-CnALBA |
||
| 041 | _aBILINGUE | ||
| 100 | _aPAOLO, APOSTOLO E SANTO | ||
| 245 | 0 | _aLE LETTERE DI S. PAOLO. VOL. I. | |
| 250 | _a12a ed. | ||
| 260 |
_a MILANO BOLOGNA _bANCORA EDITRICE _c1945 [1° Ed.: n.d.] |
||
| 300 | _a214 p. (prefazione: 510) | ||
| 500 | _aLETTERA AI ROMANI. VITA E LETTERE DI S. PAOLO. INTRODUZIONE ALLE LETTERE DI S. PAOLO E ALLA LETTERA AI ROMANI. ANALISI E NOTE DI BERNARDINO DA PICQUIGNY. REVISIONE DI GIOVANNI CASTOLDI. | ||
| 501 | _aSocietà San Paolo EM - Piazza San Paolo, 14 - 12051 ALBA (CN) (non commercial uses only) ® Copyright 2017 | ||
| 520 | _aLETTERA AI ROMANI. VITA E LETTERE DI S. PAOLO. INTRODUZIONE ALLE LETTERE DI S. PAOLO E ALLA LETTERA AI ROMANI. ANALISI E NOTE DI BERNARDINO DA PICQUIGNY. REVISIONE DI GIOVANNI CASTOLDI. | ||
| 650 | _aLETTERE DI S. PAOLO - LETTERE CATTOLIC | ||
| 942 | _cBK | ||
| 957 | _71 | ||
| 999 |
_a6495 _bSI _g Copie: 1 _c264702 _d264702 |
||